000 00481nam a2200193Ia 4500
005 20240823045407.0
008 240823s9999||||xx |||||||||||||| ||und||
020 _a81-85984-11-5
041 _aENGLISH
082 _A658.4013 P5
100 _aChad Kymal
245 4 _aThe ISO/TS 16949 Implementation Guide
250 _a1st
260 _c2005
_bProductivity & Quality Publishing Private Li
500 _aYES
650 _aGeneral
_bGeneral
942 _cBK
999 _c214858
_d214858